Normal view MARC view
  • Scottish Agricultural College

Entry Corporate Name

Number of records used in: 4

001 - CONTROL NUMBER

  • control field: 5663

003 - CONTROL NUMBER IDENTIFIER

  • control field: SIRSI

005 - DATE AND TIME OF LATEST TRANSACTION

  • control field: 20190806150245.0

008 - FIXED-LENGTH DATA ELEMENTS

  • fixed length control field: 081204n| acannaabn |n ana d

040 ## - CATALOGING SOURCE

  • Original cataloging agency: OSt
  • Transcribing agency: OSt

110 2# - HEADING--CORPORATE NAME

  • Corporate name or jurisdiction name as entry element: Scottish Agricultural College
  • Subordinate unit: Rural Policy Centre

670 ## - SOURCE DATA FOUND

  • Source citation: Outlook for 2009, 2008